00536nam a2200145 a 450000100100000000500170001000800410002702000150006804000250008308200150010811000970012324500520022026000980027230000200037000002950220200930055610.0110418s2000 dr 000 0 spa d a9769502758 aDO-SdBNPbspacBNPHU axxxbR426r1 aRepública DominicanabComisión Presidencial para la Reforma y Modernización del Estado10aReconversión organizacional de la D. G. I. I. aSanto Domingo :bComisión Presidencial para la Reforma y Modernización del Estado,c2000. a45 p. ;c22 cm.